000 00576nam a22001817a 4500
003 OSt
005 20140310182514.0
008 130808t xxu||||| |||| 00| 0 eng d
050 _aRC 86.8
_b.Ab285 2010
100 _aDunstan Abraham.
_99144
245 _aEmergency Medicine Sonography :
_bPocket Guide: to sonographic anatpmy and pathology
_cDunstan Abraham.
260 _aUnited States.
_bj & b pub,
_cc2010.
300 _a300 p. :
_bill. ;
_c20 cm.
650 _amedical emergencies
_99145
651 _aUltrasonic imaging
_99146
942 _2lcc
_cSSLC
999 _c13948
_d13948